| 000 | 00922nas a2200277 4500 | ||
|---|---|---|---|
| 001 | BR0802035 | ||
| 003 | BR-BrBNA | ||
| 005 | 20231205111909.0 | ||
| 007 | ta | ||
| 008 | 230509b bl.|||p| |||| 00| 00por d | ||
| 040 |
_aBR-BrBNA _bpor _cBiblioteca Nacional de Agricultura |
||
| 041 | _a(Pt) | ||
| 072 | _aQ03 | ||
| 100 | 1 | _aTorres, M.C.L. | |
| 100 | 1 | _aPereira, A.S. | |
| 100 | 1 | _aTeixeiras, M.A. | |
| 100 | 1 | _aStringheta, P.C. | |
| 245 | 1 | _aInibição de Salmonella por extrato de alecrim (Rosmarinus officinalis)II - Efeito dos extratos etanólicos e aquoso | |
| 650 | _aSALMONELLA | ||
| 650 | _aCONDIMENTO | ||
| 650 | _aPRESERVAÇÃO DE ALIMENTO | ||
| 650 | _aALECRIM | ||
| 773 | 0 |
_tAnais da Escola de Agronomia e Veterinária - Universidade Federal de Goiás (Brazil) _xISSN 0100-218X _g(1984-1986), v. 14-16(1) p. 59-67 _wBR0802035 |
|
| 909 |
_a202311 _bLúcia _c55 _dLúcia Elande |
||
| 942 |
_2AGRIS _n0 _cANA |
||
| 999 |
_c195011 _d195011 |
||